00472nam a2200157Ia 450000500170000000800410001708200130005810000180007124500380008926000360012730000130016365000180017694200060019495200990020099900150029920250322122409.0240331s9999 xx 000 0 und d bRAVa894 aRavichandran, 0aIndra Gandhiyin irandawathu mugam aShivagangaibAnam Pvt Ltdc1984 a120 p ., aShort Stories cL 001040708LaWERCLbWERCLcSSCd2024-03-31l0o 894.811 RAVp2040r2024-03-31w2024-03-31yL c4130d4130